1692 1899 1588 1198 1771 1489 1602 1925 1534 1916 1041 1053 1315 1156 1173 1124 1627 1684 1201 1999 1371 1913 1401 1691 1218 1444 1221 1925 1807 1724 1154 1846 1871 1996 1412 1043 1482 1756 1793 1818 1052 1271 1760 1811 1276 1547 1383 1211 1923 1325 1200 1117 1324 1565 1319 1128 1646 1646 1596 1973 1992 1302 1913 1628 1721 1169 1322 1603 1159 1763 1552 1851 1291 1604 1954 1759 1096 1318 1575 1845 1900 1216 1300 1867 1989 1939 1521 1739 1286 1699 1919 1184 1518 1023 1449 1388 1881 1570 1425 BCNSPRNW ULIB Ver.6.0+V

เปลี่ยนเป็นภาษาไทย

Change to English
 แสดงรายละเอียดบรรณานุกรม
  กลับหน้าหลัก

Brief Record : Get Marc (ISO 2709) : E-mail record : QR code < ปิดหน้าต่าง
LEADER : 00000nam 2200000uu 4500
001    13399121552
003     ULIB
008    121122s2550||||th 000 0 tha d
020    ^a9789740911968
060 04 ^aWW140^bส770ด
245 00 ^aดวงตา :^bอวัยวะที่ควรทะนุถนอม /^c[บรรณาธิการ, สุดารัตน์ใหญ่สว่าง ... [และคนอื่นๆ]]
250    ^aพิมพ์ครั้งที่ 1
260    ^aกรุงเทพฯ :^bคณะแพทยศาสตร์ จุฬาลงกรณ์มหาวิทยาลัย,^c2550
300    ^a64 หน้า :^bภาพประกอบ ;^c22 ซม.
440  0 ^aความรู้ทางการแพทย์สู่ประชาชน
650  7 ^aตา, โรค^xการป้องกันและควบคุม
650  7 ^aตา^xการดูแลและสุขวิทยา
700 0  ^aสุดารัตน์ ใหญ่สว่าง,^eบรรณาธิการ
710 2  ^aจุฬาลงกรณ์มหาวิทยาลัย. ^bคณะแพทยศาสตร์
945    ^p90^l0^i16198
995    ^aวิภา
999 ^a ใช้งานได้ทุกระบบ
รายการนี้ยังไม่มีแท็ก
คุณยังไม่ได้ล็อกอิน คุณสามารถมีกิจกรรมร่วมกับเว็บไซต์ได้ แต่ต้องล็อกอินก่อน ::
  ล็อกอิน

รายการสื่อสารสนเทศ

ลำดับที่ ประเภท เลขเรียก/บาร์โค้ด สถานที่ สถานะ
1. วิทยาศาสตร์การแพทย์ และสุขภาพ
วิทยาศาสตร์การแพทย์ และสุขภาพ
WW140 ส770ด  
  Barcode: 16198
ห้องสมุดวิทยาเขตสวรรค์ประชารักษ์
►ส่วนจัดเก็บหนังสือเก่า สปร
บนชั้น
  ขอยืม

BibComment


ยังไม่เคยถูกคอมเมนท์

คอมเมนท์ทรัพยากรรายการนี้
  คอมเมนท์: ดวงตา อวัยวะที่..


 Copyright 2026. Bcnsprnw @Library